Nghiên cứu ổn định kè thành phố Sa Đéc, tỉnh Đồng Tháp - giai đoạn III : Luận văn tốt nghiệp Cao học. Chuyên ngành Kỹ thuật xây dựng công trình thủy
Nghiên cứu khả năng tự ổn định kè và ổn định của mái dốc bờ sông, tận dụng tối đa sự làm việc của đất nền dưới tác động của tải trọng của công trình, mực nước sông và dòng chảy tác dụng vào công trình. Đồng thời đề xuất phương...
Saved in:
| Main Author: | |
|---|---|
| Format: | Book |
| Language: | Undetermined |
| Published: |
Cần Thơ
Trường Đại Học Cần Thơ
2019
|
| Subjects: | |
| Tags: |
Add Tag
No Tags, Be the first to tag this record!
|
| Institutions: | Trung tâm Học liệu Trường Đại học Cần Thơ |
|---|
| LEADER | 01479nam a2200205Ia 4500 | ||
|---|---|---|---|
| 001 | CTU_231361 | ||
| 008 | 210402s9999 xx 000 0 und d | ||
| 082 | |a 627.133 | ||
| 082 | |b H523 | ||
| 088 | |a 8580202 | ||
| 100 | |a Nguyễn, Hoàng Nhật Huy | ||
| 245 | 0 | |a Nghiên cứu ổn định kè thành phố Sa Đéc, tỉnh Đồng Tháp - giai đoạn III : | |
| 245 | 0 | |b Luận văn tốt nghiệp Cao học. Chuyên ngành Kỹ thuật xây dựng công trình thủy | |
| 245 | 0 | |c Nguyễn Hoàng Nhật Huy ; Văn Hữu Huệ (Cán bộ hướng dẫn) | |
| 260 | |a Cần Thơ | ||
| 260 | |b Trường Đại Học Cần Thơ | ||
| 260 | |c 2019 | ||
| 520 | |a Nghiên cứu khả năng tự ổn định kè và ổn định của mái dốc bờ sông, tận dụng tối đa sự làm việc của đất nền dưới tác động của tải trọng của công trình, mực nước sông và dòng chảy tác dụng vào công trình. Đồng thời đề xuất phương pháp tính toán có độ tin cậy cao đảm bảo điều kiện kỹ thuật tại vị trí nghiên cứu và áp dụng cho công trình có tính chất gần giống với vị trí nghiên cứu. | ||
| 650 | |a Kỹ thuật thủy lực,Hydraulic engineering | ||
| 980 | |a Trung tâm Học liệu Trường Đại học Cần Thơ | ||